000 00895nam a2200205 i 4500
001 158964
003 ES-MaACL
005 20231226160300.0
008 931025s1843 sp |||| | spa d
080 _a821.134.2-22"18"
100 1 _aMartínez de la Rosa, Francisco,
_d1787-1862
_978009
245 1 3 _aEl español en Venecia o La cabeza encantada :
_bcomedia original en cinco actos y en verso /
_cpor Don Francisco Martínez de la Rosa.
260 _aMadrid :
_b[s.n.],
_c1843 (
_fImp. de D. Vicente de Lalama)
300 _a87 p. ;
_c20cm.
530 _aDisponible en formato digital.
740 3 2 _aLa cabeza encantada.
852 _aES-MaACL
_jD-2492(3)
_z- Enc. hol., conservando cub. original
_z- Enc. en un vol. facticio
_z- Legado Modesto de la Fuente
856 _uhttps://archive.org/details/elespaolenveneci00mart
_zInternet Archive
999 _c158964
_d158964